Central Library OPAC University of Rajshahi

The rape of Palestine / (Record no. 64672)

MARC details
000 -LEADER
fixed length control field 00853nam a2200265 a 4500
001 - CONTROL NUMBER
control field 64672
003 - CONTROL NUMBER IDENTIFIER
rucl marc code BD-RjUL
005 - DATE AND TIME OF LATEST TRANSACTION
control field 20211209081332.0
008 - FIXED-LENGTH DATA ELEMENTS--GENERAL INFORMATION
fixed length control field 170219s1948 enk b 001 0 eng
035 ## - SYSTEM CONTROL NUMBER
System control number (BD-RjUL)64802
040 ## - CATALOGING SOURCE
Original cataloging agency DLC
Transcribing agency NBiSU
Modifying agency BD-RjUL
Language of cataloging eng
041 ## - LANGUAGE CODE
Language code of text/sound track or separate title eng
082 ## - DEWEY DECIMAL CLASSIFICATION NUMBER
Classification number 956.9404
Edition number 23
Author mark and year ZIR 1948
100 1# - MAIN ENTRY--PERSONAL NAME
Personal name Ziff, William B.
Fuller form of name (William Bernard),
Dates associated with a name 1898-1953.
9 (RLIN) 191742
245 14 - TITLE STATEMENT
Title The rape of Palestine /
Statement of responsibility, etc. William B Ziff (William Bernard)
260 ## - PUBLICATION, DISTRIBUTION, ETC. (IMPRINT)
Place of publication, distribution, etc. London :
Name of publisher, distributor, etc. St. Botolph's Pub. Co.,
Date of publication, distribution, etc. 1948.
300 ## - PHYSICAL DESCRIPTION
Pagination x, 599 p. :
Illustrations ill. ;
Size 22 cm.
504 ## - BIBLIOGRAPHY, ETC. NOTE
Bibliography, etc "Selected bibliography": p. 573-584.
650 #0 - SUBJECT ADDED ENTRY--TOPICAL TERM
Topical term or geographic name as entry element Jews
Geographic subdivision Palestine.
9 (RLIN) 191743
Topical term or geographic name as entry element Mandates
Geographic subdivision Palestine.
9 (RLIN) 183225
Topical term or geographic name as entry element Zionism.
9 (RLIN) 191744
Topical term or geographic name as entry element Palestinian Arabs.
9 (RLIN) 191745
651 #0 - SUBJECT ADDED ENTRY--GEOGRAPHIC NAME
Geographic name Palestine
General subdivision Politics and government.
9 (RLIN) 183226
942 ## - ADDED ENTRY ELEMENTS (KOHA)
Source of classification or shelving scheme Dewey Decimal Classification
Koha item type Books
Holdings
Lost status Source of classification or shelving scheme Damaged status Not for loan Collection code Permanent Location Current Location Shelving location Date acquired Source of acquisition Total Checkouts Full call number Date last seen Copy number Koha item type
  Dewey Decimal Classification   Not For Loan Non-fiction Central Library, University of Rajshahi Central Library, University of Rajshahi Reading Room 12/11/1966 Aligor Library Rajshahi   956.9404 ZIR 1948 19/02/2017 C-1 Books